000 00574nam a2200193Ia 4500
005 20250508150339.0
008 008 250505s9999 xx 000 0 eng d
037 _aTextual
040 _aFEDL
_beng
_cFEDL
041 _aeng
_2eng
084 _a370.15, HUR
_qFEDL
100 _aHurd Archer Willis
_9756462
245 0 _aStudy guide and text book : Educational psychology
260 _aMinneapolis
_bBurgess Publishing Co.
_c1941
300 _a88p.
650 _aEducation - Psychology
_9755527
942 _cTEXL
_h370.15, HUR
999 _c1323127
_d1323127